|
|
|
|
| LEADER |
01486nam a22003372a 4500 |
| 001 |
000073743 |
| 003 |
CZ BrMZK |
| 005 |
20080711062741.0 |
| 007 |
ta |
| 008 |
010907s1977 xr f cze d |
| 015 |
|
|
|a cnb000119462
|
| 035 |
|
|
|a (OCoLC)3729471
|
| 040 |
|
|
|a BOA001
|b cze
|c BOA002
|
| 100 |
1 |
|
|a Hrzalová, Hana,
|d 1929-2019
|7 jk01043077
|4 aut
|
| 245 |
1 |
0 |
|a Jan Kozák /
|c Hana Hrzalová
|
| 250 |
|
|
|a 1. vyd.
|
| 260 |
|
|
|a Praha :
|b Československý spisovatel,
|c 1977
|
| 300 |
|
|
|a 163 s.
|
| 490 |
1 |
|
|a Portréty spisovatelů
|
| 504 |
|
|
|a Bibliografie prací Jana Kozáka na s. 160-162 a bibliografie prací o něm na s. 163 a n.
|
| 500 |
|
|
|a Dostupné též v digitální podobě v aplikaci Kramerius
|
| 700 |
1 |
|
|a Kozák, Jan,
|d 1921-1995
|7 jk01062556
|4 hnr
|
| 830 |
|
0 |
|a Portréty spisovatelů
|0 s
|
| 856 |
4 |
1 |
|u http://www.digitalniknihovna.cz/mzk/uuid/uuid:16ec98d0-4146-11e7-b56f-005056827e52
|y Digitalizovaný dokument
|x NDK
|
| 910 |
|
|
|a BOA001
|b PK-A-0016.779
|b 1-0777.525
|
| 964 |
|
|
|a Kozák, Jan - 1921-1995 - život a dílo
|
| 990 |
|
|
|a BK
|
| 996 |
6 |
|
|b 2619542644
|c 1-0777.525
|l MZK
|r Sklad / do 1 hodiny
|n 0
|w 000073743
|u 000030
|a 1
|e BOA001
|j MZK50
|s P
|
| 996 |
7 |
|
|b 2619542645
|c 1-0777.525
|l MZK
|r Sklad / do 1 hodiny
|n 0
|w 000073743
|u 000040
|a 1
|e BOA001
|j MZK50
|s A
|
| 996 |
7 |
|
|b 2619542646
|c 1-0777.525
|l MZK
|r Sklad / do 1 hodiny
|n 0
|w 000073743
|u 000020
|a 1
|e BOA001
|j MZK50
|s A
|
| 996 |
7 |
|
|b 3119962521
|c PK-A-0016.779
|l MZK
|r Sklad / do 1 hodiny
|n 1
|w 000073743
|u 000010
|a 1
|e BOA001
|j MZK50
|s A
|